PERISTIWA DUNIA, (Record no. 176782)

MARC details
000 -LEADER
fixed length control field 01306nam a22004091ia4500
001 - CONTROL NUMBER
control field vtls000858888
003 - CONTROL NUMBER IDENTIFIER
control field PNM
005 - DATE AND TIME OF LATEST TRANSACTION
control field 20200309121610.0
008 - FIXED-LENGTH DATA ELEMENTS--GENERAL INFORMATION
fixed length control field 180823t20192019my ao g 000 0 may
015 ## - NATIONAL BIBLIOGRAPHY NUMBER
National bibliography number M19-01779
020 ## - INTERNATIONAL STANDARD BOOK NUMBER
International Standard Book Number 9789672157144
Qualifying information paperback
Terms of availability RM 29.83
039 #9 - LEVEL OF BIBLIOGRAPHIC CONTROL AND CODING DETAIL [OBSOLETE]
Level of rules in bibliographic description 201908191609
Level of effort used to assign nonsubject heading access points azeantie
Level of effort used to assign subject headings 201908091636
Level of effort used to assign classification noorul
Level of effort used to assign subject headings 201908091559
Level of effort used to assign classification rosliza
Level of effort used to assign subject headings 201905171457
Level of effort used to assign classification azizan
040 ## - CATALOGING SOURCE
Original cataloging agency BNM
Language of cataloging eng
Transcribing agency BNM
Modifying agency PNM
-- PPAK
Description conventions rda
049 ## - LOCAL HOLDINGS (OCLC)
Holding library mal
082 04 - DEWEY DECIMAL CLASSIFICATION NUMBER
Classification number 909
Edition number 23
090 00 - LOCALLY ASSIGNED LC-TYPE CALL NUMBER (OCLC); LOCAL CALL NUMBER (RLIN)
Classification number (OCLC) (R) ; Classification number, CALL (RLIN) (NR) 909
Feature heading SOF
Classification number (OCLC) (R) ; Classification number, CALL (RLIN) (NR) 909
Feature heading SOF
Feature heading K
100 0# - MAIN ENTRY--PERSONAL NAME
Personal name Sofea Abd. Rahim,
Relator term author.
245 10 - TITLE STATEMENT
Title PERISTIWA DUNIA,
Inclusive dates 1981-2000 /
Statement of responsibility, etc. Sofea Abd Rahim
264 #1 - PRODUCTION, PUBLICATION, DISTRIBUTION, MANUFACTURE, AND COPYRIGHT NOTICE
Place of production, publication, distribution, manufacture Seri Kembangan, Selangor :
Name of producer, publisher, distributor, manufacturer Pustaka Kelisa,
Date of production, publication, distribution, manufacture, or copyright notice [2019]
Date of production, publication, distribution, manufacture, or copyright notice ©2019
300 ## - PHYSICAL DESCRIPTION
Extent 64 pages :
Other physical details illustrations, photographs ;
Dimensions 23 cm.
336 ## - CONTENT TYPE
Content type term text
Source rdacontent
337 ## - MEDIA TYPE
Media type term unmediated
Source rdamedia
338 ## - CARRIER TYPE
Carrier type term volume
Source rdacarrier
490 1# - SERIES STATEMENT
Series statement Jurnal Peristiwa Dramatik Dunia
500 ## - GENERAL NOTE
General note Includes questions and exercises
650 10 - SUBJECT ADDED ENTRY--TOPICAL TERM
Topical term or geographic name entry element World history
Topical term or geographic name entry element Civilization
General subdivision History
Topical term or geographic name entry element History, Modern
Chronological subdivision 20th century
830 #0 - SERIES ADDED ENTRY--UNIFORM TITLE
Uniform title Jurnal peristiwa dramatik dunia
942 ## - ADDED ENTRY ELEMENTS (KOHA)
Source of classification or shelving scheme Dewey Decimal Classification
Koha item type Book
949 ## - LOCAL PROCESSING INFORMATION (OCLC)
6 1001375454
e 2607930
6 2000669225
a 909 SOF M
6 2000669224
a 909 SOF M
6 2000669223
a 909 SOF M
Holdings
Withdrawn Not for loan Current library Shelving location Date acquired Full call number Barcode Date last seen Koha item type Total Checkouts Total Renewals Date last checked out
    Perpustakaan Alor Setar Pinjaman Kanak-kanak 13/05/2020 K 909 SOF A01639027 13/05/2020 Book      
    Perpustakaan Alor Setar Pinjaman Kanak-kanak 13/05/2020 K 909 SOF A01639028 13/05/2020 Book      
    Perpustakaan Awam Sungai Petani Pinjaman Kanak-kanak 13/05/2020 K 909 SOF A01639029 17/12/2024 Book 4 2 23/11/2024
    Perpustakaan Baling Pinjaman Kanak-kanak 13/05/2020 K 909 SOF A01639033 13/05/2020 Book      
    Perpustakaan Bandar Baharu Pinjaman Kanak-kanak 13/05/2020 K 909 SOF A01639034 13/05/2020 Book      
    Perpustakaan Jitra Pinjaman Kanak-kanak 13/05/2020 K 909 SOF A01639030 13/05/2020 Book      
    Perpustakaan Kuala Nerang Pinjaman Kanak-kanak 13/05/2020 K 909 SOF A01639038 13/05/2020 Book      
    Perpustakaan Kulim Pinjaman Kanak-kanak 13/05/2020 K 909 SOF A01639031 25/11/2025 Book 3 1 08/11/2025
    Perpustakaan Langkawi Pinjaman Kanak-kanak 13/05/2020 K 909 SOF A01639032 13/05/2020 Book      
    Perpustakaan Merbok Pinjaman Kanak-kanak 13/05/2020 K 909 SOF A01639035 13/05/2020 Book      
    Perpustakaan Pendang Pinjaman Kanak-kanak 13/05/2020 K 909 SOF A01639039 13/05/2020 Book      
    Perpustakaan Sik Pinjaman Kanak-kanak 13/05/2020 K 909 SOF A01639037 13/05/2020 Book      
    Perpustakaan Yan Pinjaman Kanak-kanak 13/05/2020 K 909 SOF A01639036 13/05/2020 Book